Sex counselling in educational settings / (Record no. 306394)
[ view plain ]
| 000 -LEADER | |
|---|---|
| fixed length control field | 00800nam a2200241Ia 4500 |
| 003 - CONTROL NUMBER IDENTIFIER | |
| control field | 3228 |
| 005 - DATE AND TIME OF LATEST TRANSACTION | |
| control field | 20250226084610.0 |
| 008 - FIXED-LENGTH DATA ELEMENTS--GENERAL INFORMATION | |
| fixed length control field | 210817s9999 xx 000 0 und d |
| 020 ## - INTERNATIONAL STANDARD BOOK NUMBER | |
| International Standard Book Number | 094747 9953 |
| Qualifying information | Paperback |
| 040 ## - CATALOGING SOURCE | |
| Original cataloging agency | RDA |
| Language of cataloging | English |
| Transcribing agency | 3228 |
| 082 ## - DEWEY DECIMAL CLASSIFICATION NUMBER | |
| Classification number | 306.7 NIC |
| 100 ## - MAIN ENTRY--PERSONAL NAME | |
| Personal name | Nicholas, Lionel J. Johannesburg |
| 9 (RLIN) | 83822 |
| 245 #0 - TITLE STATEMENT | |
| Title | Sex counselling in educational settings / |
| Statement of responsibility, etc. | editor. Lionel J. Nicholas. |
| 260 ## - PUBLICATION, DISTRIBUTION, ETC. | |
| Place of publication, distribution, etc. | Johannesburg : |
| Name of publisher, distributor, etc. | Skotaville Publishers, |
| Date of publication, distribution, etc. | 1994. |
| 300 ## - PHYSICAL DESCRIPTION | |
| Extent | 134 pages |
| Other physical details | colour illustrations: |
| Dimensions | 20 cm |
| 504 ## - BIBLIOGRAPHY, ETC. NOTE | |
| Bibliography, etc. note | Includes bibliographical references (pages 127-134) |
| 521 ## - TARGET AUDIENCE NOTE | |
| Target audience note | Adult |
| 651 ## - SUBJECT ADDED ENTRY--GEOGRAPHIC NAME | |
| Geographic name | South Africa |
| 9 (RLIN) | 116385 |
| 654 ## - SUBJECT ADDED ENTRY--FACETED TOPICAL TERMS | |
| Source of heading or term | Sex counseling Sex customs South Africa |
| 690 ## - LOCAL SUBJECT ADDED ENTRY--TOPICAL TERM (OCLC, RLIN) | |
| Source of heading or term | 32656533 |
| 700 ## - ADDED ENTRY--PERSONAL NAME | |
| Personal name | Lionel J. Nicholas |
| 9 (RLIN) | 183834 |
| 942 ## - ADDED ENTRY ELEMENTS | |
| item type | Book |
| Source of classification or shelving scheme | Dewey Decimal Classification |
| -- | 12663 |
| -- | Priscilla Nozizwe Mogale |
| Withdrawn status | Lost status | Damaged status | Not for loan | Home library | Current library | Date acquired | Cost, normal purchase price | Total Checkouts | Barcode | Date last seen | Price effective from | item type | Source of classification or shelving scheme | Collection code | Shelving location | Full call number |
|---|---|---|---|---|---|---|---|---|---|---|---|---|---|---|---|---|
| Emjindini | Emjindini | 19.08.2021 | 27.00 | 33228010733630 | 19.08.2021 | 19.08.2021 | Books | |||||||||
| Mkhuhlu | Mkhuhlu | 28.10.2024 | 29.99 | 33228 000241982 | 28.10.2024 | 28.10.2024 | Book | Dewey Decimal Classification | 300: Social Science | Non Fiction | 306.7 NIC |